[Event "Leiden SB-ch"]
[Site "Leiden"]
[Date "2007.05.22"]
[Round "2"]
[White "Agaian, Jura"]
[Black "Duijnisveld, Arnold"]
[Result "1-0"]
[WhiteElo "1842"]
[BlackElo "1616"]
[PlyCount "51"]
[EventDate "2007.05.15"]
[EventType "swiss"]
[EventRounds "7"]
[EventCountry "NED"]
[SourceTitle "EXT 2012"]
[Source "ChessBase"]
[SourceDate "2011.11.24"]
[SourceVersion "1"]
[SourceVersionDate "2011.11.24"]
[SourceQuality "1"]

1. e4 c5 2. Nf3 e6 3. d4 cxd4 4. Nxd4 a6 5. Be3 d6 6. Nc3 Bd7 7. Qd2 Nc6 8. 0-0-0 Nf6 9. f3 Be7 10. g4 h6 11. Kb1 Nxd4 12. Bxd4 Bc6 13. Qf2 d5 14. h4 Nd7 15. exd5 exd5 16. Bxg7 Bc5 17. Re1+ Be7 18. Bxh8 Kf8 19. Bd4 Bf6 20. Bd3 b5 21. g5 Bg7 22. Bxg7+ Kxg7 23. Qd4+ f6 24. gxh6+ Kh8 25. Rhg1 Ne5 26. Rxe5 1-0